Statystyki dla 10 najpopularniejszych języków w Nowym Jorku

Kliknij tutaj aby rozwiązać quiz!

Ogólne statystyki

  • Ten quiz został rozwiązany 323 razy
  • Średni wynik to 8 z 11

Statystyki odpowiedzi

%Język% Poprawnych
0.73polski
96%
19.4hiszpański
94%
0.77francuski
90%
1.01francuski kreolski
90%
3.15chiński
87%
1.35rosyjski
79%
1.22włoski
78%
0.68arabski
61%
0.91koreański
55%
0.71Jidysz
10%
0.77tagalski
9%

Rozkład punktacji

Percentyl według liczby udzielonych odpowiedzi

Procent ludzi z każdym wynikiem

Twoja historia wyników

Nie rozwiązałeś tego quizu